Much Ado About Nothing (Record no. 2638)

MARC details
000 -LEADER
fixed length control field 00381nam a2200133Ia 4500
008 - FIXED-LENGTH DATA ELEMENTS--GENERAL INFORMATION
fixed length control field 211109s9999||||xx |||||||||||||| ||und||
082 ## - DEWEY DECIMAL CLASSIFICATION NUMBER
Classification number 822
Item number LOT-M
100 ## - MAIN ENTRY--PERSONAL NAME
Personal name Lott, Bernard
245 #0 - TITLE STATEMENT
Title Much Ado About Nothing
260 ## - PUBLICATION, DISTRIBUTION, ETC.
Name of publisher, distributor, etc. At the University
Place of publication, distribution, etc. Cambridge
Date of publication, distribution, etc. 1969
630 ## - SUBJECT ADDED ENTRY--UNIFORM TITLE
General subdivision General Stack
650 ## - SUBJECT ADDED ENTRY--TOPICAL TERM
Topical term or geographic name entry element English & Old English literatures
942 ## - ADDED ENTRY ELEMENTS (KOHA)
Koha item type BOOK
650 ## - SUBJECT ADDED ENTRY--TOPICAL TERM
Form subdivision English Drama
General subdivision Literature
Holdings
Withdrawn status Lost status Damaged status Not for loan Home library Current library Date acquired Cost, normal purchase price Total Checkouts Full call number Barcode Shelving location Date last seen Price effective from Koha item type
        SB LIBRARY SB LIBRARY 09/11/2021 60.00   822 LOT-M 00002863 GENERAL STACK 09/11/2021 09/11/2021 BOOK

Powered by Koha